| 000 | 01102nam a22003137a 4500 | ||
|---|---|---|---|
| 999 |
_c4816 _d4816 |
||
| 003 | GBCCL | ||
| 005 | 20241126110527.0 | ||
| 008 | 180208b ||||| |||| 00| 0 eng d | ||
| 020 | _a9781619702660 | ||
| 035 | _a(OCoLC)ocm32260164 | ||
| 035 | _a(OCoLC)32260164 | ||
| 040 |
_aWIM _beng _cWIM _dBAKER _dOCLCG _dYDXCP _dOCLCQ _dOCLCF _dOCLCQ _dOCLCO _dLBB |
||
| 049 | _aLBBA | ||
| 050 | 4 |
_aBV4257.5 _b.S642 1994 |
|
| 082 | 0 | 4 |
_a252.6 _bSPU |
| 090 |
_aBV4257.5 _b.S642 1994 |
||
| 100 | 1 |
_aSpurgeon, C. H. _q(Charles Haddon), _d1834-1892. _9222 |
|
| 245 | 1 | 0 |
_aSermons on the Lord's Supper / _cCharles H. Spurgeon. |
| 260 |
_aMass : _bHendrickson, _c2014. |
||
| 300 |
_a115pages ; _c20 cm |
||
| 336 |
_atext _btxt _2rdacontent |
||
| 337 |
_aunmediated _bn _2rdamedia |
||
| 338 |
_avolume _bnc _2rdacarrier |
||
| 505 | _aOriginally published by Hendrickson publishers in Spurgeon's sermons on the Death and Resurrection of Jesus | ||
| 650 | 0 |
_aLord's Supper _vSermons. _98783 |
|
| 650 | 7 |
_aLord's Supper. _2fast _0(OCoLC)fst01002518 _92158 |
|
| 655 | 7 |
_aSermons. _2fast _0(OCoLC)fst01423904 _96402 |
|
| 942 |
_2ddc _cBK |
||